[Event "Vojvodina-chT"]
[Site "Kovacica"]
[Date "2019.11.07"]
[Round "9.3"]
[White "Popovic, Milos T"]
[Black "Rajin, Milan"]
[Result "1-0"]
[WhiteElo "2369"]
[BlackElo "1920"]
[PlyCount "39"]
[EventDate "2019.11.01"]
[EventType "team-tourn"]
[EventRounds "11"]
[EventCountry "SRB"]
[SourceTitle "CBM 192 Extra"]
[Source "Chessbase"]
[SourceDate "2019.11.06"]
[SourceVersion "1"]
[SourceVersionDate "2019.11.06"]
[SourceQuality "1"]
[WhiteTeam "Rastina Polet"]
[BlackTeam "Banatsko Novo Selo"]
[WhiteTeamCountry "SRB"]
[BlackTeamCountry "SRB"]

1. d4 g6 2. h4 Nf6 3. Nc3 d6 4. e4 h5 5. Nh3 c6 6. Ng5 Qa5 7. Bc4 d5 8. Bb3 dxe4 9. Bxf7+ Kd8 10. Bb3 Ke8 11. Bd2 Qb6 12. Qe2 Qxd4 13. Ncxe4 Nxe4 14. Bf7+ Kd8 15. Nxe4 Bf5 16. 0-0-0 Kc8 17. Bf4 Qa4 18. Bb3 Qa5 19. Nc5 e5 20. Qxe5 1-0

[Event "Vojvodina-chT"]
[Site "Kovacica"]
[Date "2019.11.02"]
[Round "2.3"]
[White "Jovanovski, Slobodan"]
[Black "Popovic, Milos T"]
[Result "0-1"]
[WhiteElo "2298"]
[BlackElo "2369"]
[PlyCount "82"]
[EventDate "2019.11.01"]
[EventType "team-tourn"]
[EventRounds "11"]
[EventCountry "SRB"]
[SourceTitle "CBM 192 Extra"]
[Source "Chessbase"]
[SourceDate "2019.11.06"]
[SourceVersion "1"]
[SourceVersionDate "2019.11.06"]
[SourceQuality "1"]
[WhiteTeam "Cosic Opovo Bata"]
[BlackTeam "Rastina Polet"]
[WhiteTeamCountry "SRB"]
[BlackTeamCountry "SRB"]

1. d4 g6 2. Nf3 Bg7 3. Bf4 d6 4. e3 f6 5. Bc4 e5 6. Bg3 e4 7. Nfd2 f5 8. a4 Nf6 9. Na3 Nh5 10. c3 Nc6 11. b4 d5 12. Be2 Nxg3 13. hxg3 0-0 14. Nb3 g5 15. Nc2 a5 16. b5 Nb8 17. Qd2 Nd7 18. c4 b6 19. Rc1 Nf6 20. c5 Be6 21. Qc3 Rc8 22. Kd2 Qe7 23. c6 Rce8 24. Rcf1 f4 25. Kc1 f3 26. gxf3 exf3 27. Bd3 Bf7 28. Nd2 Bg6 29. Bxg6 hxg6 30. Qd3 Qf7 31. Kb2 g4 32. Na3 Nh7 33. Nab1 Ng5 34. Qb3 Nh3 35. Nc3 Nxf2 36. Rxf2 Rxe3 37. Qxd5 Qxd5 38. Nxd5 Bxd4+ 39. Kc2 Re5 40. Rff1 Rxd5 41. Rh4 Rc5+ 0-1

[Event "Vojvodina-chT"]
[Site "Kovacica"]
[Date "2019.11.01"]
[Round "1.3"]
[White "Popovic, Milos T"]
[Black "Levnajic, Pavle"]
[Result "1/2-1/2"]
[WhiteElo "2369"]
[BlackElo "2217"]
[PlyCount "57"]
[EventDate "2019.11.01"]
[EventType "team-tourn"]
[EventRounds "11"]
[EventCountry "SRB"]
[SourceTitle "CBM 192 Extra"]
[Source "Chessbase"]
[SourceDate "2019.11.06"]
[SourceVersion "1"]
[SourceVersionDate "2019.11.06"]
[SourceQuality "1"]
[WhiteTeam "Rastina Polet"]
[BlackTeam "Krajisnik Krajina"]
[WhiteTeamCountry "SRB"]
[BlackTeamCountry "SRB"]

1. d4 e6 2. Nf3 Nf6 3. Bg5 c5 4. e4 Qb6 5. Nbd2 cxd4 6. e5 h6 7. Nc4 Qc5 8. Bh4 g5 9. exf6 gxh4 10. Bd3 Nc6 11. 0-0 d6 12. Qe2 Bd7 13. Nfd2 0-0-0 14. Ne4 Qd5 15. Ncxd6+ Bxd6 16. Bc4 d3 17. Qe3 Bc5 18. Bxd5 Bxe3 19. fxe3 exd5 20. Nd6+ Kc7 21. Nxf7 dxc2 22. Rac1 h3 23. Rxc2 Be6 24. Nxh8 Rxh8 25. f7 Rf8 26. Rf6 Kd7 27. Rxh6 Rxf7 28. gxh3 Ne5 29. Rf2 1/2-1/2

[Event "Vojvodina-chT 2nd League"]
[Site "Novi Sad"]
[Date "2018.11.13"]
[Round "6.4"]
[White "Popovic, Milos T"]
[Black "Ratkovic, Milovan"]
[Result "1/2-1/2"]
[WhiteElo "2375"]
[BlackElo "2411"]
[PlyCount "42"]
[EventDate "2018.11.09"]
[EventType "team-tourn"]
[EventRounds "11"]
[EventCountry "SRB"]
[SourceTitle "CBM 187 Extra"]
[Source "ChessBase"]
[SourceDate "2018.11.04"]
[SourceVersion "1"]
[SourceVersionDate "2018.11.04"]
[SourceQuality "1"]
[WhiteTeam "Rastina Polet"]
[BlackTeam "Elemir Naftagas"]
[WhiteTeamCountry "SRB"]
[BlackTeamCountry "SRB"]

1. d4 d5 2. Bf4 c5 3. e3 cxd4 4. exd4 Nc6 5. c3 Nf6 6. Bd3 Bg4 7. Qb3 e5 8. dxe5 Nh5 9. Be3 Nxe5 10. Bb5+ Nc6 11. Nd2 Be6 12. Qa4 Qc7 13. Ngf3 Bd6 14. 0-0 0-0 15. Qh4 Nf4 16. Ng5 Bf5 17. Rfe1 h6 18. Ngf3 Nd3 19. Bxd3 Bxd3 20. Nb3 Be4 21. Nfd4 Nxd4 1/2-1/2

[Event "SRB-chT Cup"]
[Site "Kragujevac"]
[Date "2012.05.19"]
[Round "6"]
[White "Popovic, Milos T"]
[Black "Vratonjic, Slobodan"]
[Result "1/2-1/2"]
[WhiteElo "2389"]
[BlackElo "2401"]
[PlyCount "103"]
[EventDate "2012.05.14"]
[EventType "team-swiss"]
[EventRounds "7"]
[EventCountry "SRB"]
[SourceTitle "CBM 148 Extra"]
[Source "ChessBase"]
[SourceDate "2012.06.22"]
[SourceVersion "1"]
[SourceVersionDate "2012.06.22"]
[SourceQuality "1"]
[WhiteTeam "Jugovic Kac"]
[BlackTeam "Gorni Milanovac"]
[WhiteTeamCountry "SRB"]
[BlackTeamCountry "SRB"]

1. Nf3 c5 2. c4 Nc6 3. d4 cxd4 4. Nxd4 Nf6 5. Nc3 e6 6. g3 Bc5 7. Nb3 Be7 8. Bg2 0-0 9. 0-0 b6 10. Nb5 Ba6 11. Bf4 d5 12. cxd5 Nxd5 13. Bxd5 Bxb5 14. Bf3 Rc8 15. Rc1 Nb4 16. Nd4 Rxc1 17. Bxc1 Bd7 18. a3 Nd5 19. Qb3 Qc8 20. e4 Nc7 21. Bf4 Qb7 22. e5 Qb8 23. Nc6 Bxc6 24. Bxc6 Rd8 25. Rd1 Na6 26. Rxd8+ Qxd8 27. Qa4 Nb8 28. Bb7 a5 29. Be3 Nd7 30. b4 axb4 31. axb4 Nxe5 32. Qb5 Qd1+ 33. Kg2 Qd7 34. Qa6 Bxb4 35. Qa8+ Bf8 36. Bxb6 Qd6 37. Be3 Ng4 38. Ba7 h5 39. Bf3 g6 40. h3 Nf6 41. Be3 Kg7 42. Bf4 Qc5 43. Qb8 Nd7 44. Qb7 Ne5 45. Qb2 Bd6 46. Be3 Qa5 47. Bb6 Qb4 48. Qxb4 Bxb4 49. Bd4 Bd6 50. Bc6 Kf8 51. Bxe5 Bxe5 52. f4 1/2-1/2

[Event "SRB-chT Cup"]
[Site "Kragujevac"]
[Date "2012.05.17"]
[Round "4"]
[White "Popovic, Milos T"]
[Black "Novoselski, Zoran"]
[Result "1/2-1/2"]
[WhiteElo "2389"]
[BlackElo "2377"]
[PlyCount "97"]
[EventDate "2012.05.14"]
[EventType "team-swiss"]
[EventRounds "7"]
[EventCountry "SRB"]
[SourceTitle "CBM 148 Extra"]
[Source "ChessBase"]
[SourceDate "2012.06.22"]
[SourceVersion "1"]
[SourceVersionDate "2012.06.22"]
[SourceQuality "1"]
[WhiteTeam "Jugovic Kac"]
[BlackTeam "Kragujevac Radnicki"]
[WhiteTeamCountry "SRB"]
[BlackTeamCountry "SRB"]

1. d4 e6 2. Nf3 Nf6 3. Bg5 d5 4. e3 Be7 5. Nbd2 0-0 6. Bd3 b6 7. 0-0 Ba6 8. Bxa6 Nxa6 9. Ne5 Nb8 10. c3 Nfd7 11. Nxd7 Nxd7 12. Bxe7 Qxe7 13. a4 c5 14. a5 b5 15. Nf3 Rab8 16. Qe2 c4 17. e4 Rfe8 18. Rfe1 Qf8 19. Qc2 h6 20. exd5 exd5 21. b4 Rxe1+ 22. Rxe1 Re8 23. Rxe8 Qxe8 24. Kf1 Qe6 25. Qe2 Qf5 26. g3 Nf6 27. Ne5 a6 28. f3 Qh3+ 29. Kg1 Qe6 30. Kf2 h5 31. Qe3 Nh7 32. g4 hxg4 33. Nxg4 Qf5 34. Qe8+ Nf8 35. Ne5 Qf4 36. Nc6 Qxh2+ 37. Kf1 g6 38. Ne7+ Kg7 39. Nxd5 Qh3+ 40. Kf2 Qh2+ 41. Kf1 Ne6 42. Qe7 Qh3+ 43. Kf2 Qf5 44. Qd6 g5 45. Kg3 Kh6 46. Ne7 Qb1 47. d5 Qg1+ 48. Kh3 Kh5 49. dxe6 1/2-1/2

[Event "SRB-Cup"]
[Site "Valjevo"]
[Date "2011.05.21"]
[Round "6.2"]
[White "Popovic, Milos T"]
[Black "Solomunovic, Igor"]
[Result "0-1"]
[WhiteElo "2395"]
[BlackElo "2383"]
[PlyCount "48"]
[EventDate "2011.05.16"]
[EventType "team-swiss"]
[EventRounds "7"]
[EventCountry "YUG"]
[SourceTitle "CBM 142 Extra"]
[Source "ChessBase"]
[SourceDate "2011.06.27"]
[SourceVersion "1"]
[SourceVersionDate "2011.06.27"]
[SourceQuality "1"]
[WhiteTeam "Jugovic Kac"]
[BlackTeam "Takovo Metalac"]
[WhiteTeamCountry "SRB"]
[BlackTeamCountry "SRB"]

1. d4 Nf6 2. Bg5 Ne4 3. Bf4 d5 4. e3 c6 5. Bd3 Qb6 6. Bxe4 Qxb2 7. Nd2 dxe4 8. Ne2 Nd7 9. Nxe4 g6 10. 0-0 Bg7 11. Qd3 Qb4 12. Bc7 b6 13. Rab1 Qa5 14. Nd6+ exd6 15. Qe4+ Ne5 16. Bxd6 Bf5 17. Qh4 g5 18. Qxg5 Ng6 19. Bb4 h6 20. Qg3 Qd5 21. e4 Qxe4 22. Nc3 Qf4 23. Rfe1+ Kd8 24. Qxf4 Nxf4 0-1

[Event "SRB-Cup"]
[Site "Valjevo"]
[Date "2011.05.19"]
[Round "4.2"]
[White "Maksimovic, Branimir"]
[Black "Popovic, Milos T"]
[Result "1/2-1/2"]
[WhiteElo "2440"]
[BlackElo "2395"]
[PlyCount "80"]
[EventDate "2011.05.16"]
[EventType "team-swiss"]
[EventRounds "7"]
[EventCountry "YUG"]
[SourceTitle "CBM 142 Extra"]
[Source "ChessBase"]
[SourceDate "2011.06.27"]
[SourceVersion "1"]
[SourceVersionDate "2011.06.27"]
[SourceQuality "1"]
[WhiteTeam "Nis"]
[BlackTeam "Jugovic Kac"]
[WhiteTeamCountry "SRB"]
[BlackTeamCountry "SRB"]

1. d4 d5 2. c4 c6 3. Nc3 e6 4. e4 dxe4 5. Nxe4 Nf6 6. Nxf6+ Qxf6 7. Nf3 Bb4+ 8. Bd2 Bxd2+ 9. Qxd2 Nd7 10. 0-0-0 0-0 11. Qe3 c5 12. dxc5 Qf5 13. Bd3 Qxc5 14. Rhe1 Qxe3+ 15. Rxe3 a5 16. Ng5 h6 17. Ne4 b6 18. Be2 Ra7 19. b3 Rc7 20. Kb2 Bb7 21. g3 Bxe4 22. Rxe4 Rd8 23. Red4 Kf8 24. c5 bxc5 25. Rd6 Ke7 26. Bb5 Rb7 27. Bc6 Rc7 28. Ka3 g5 29. Bb5 Rb7 30. Ba4 Rc7 31. Bc6 Ra7 32. Kb2 Rc7 33. Kc3 Ra7 34. Ba4 Rc7 35. Kb2 Ra7 36. f4 gxf4 37. gxf4 c4 38. bxc4 Rb8+ 39. Bb5 Nb6 40. Ka3 Nd5 1/2-1/2

[Event "SRB-chT 1st League"]
[Site "Vrnjacka Banja"]
[Date "2010.08.26"]
[Round "6"]
[White "Popovic, Milos T"]
[Black "Djuric, Stefan"]
[Result "0-1"]
[WhiteElo "2401"]
[BlackElo "2424"]
[PlyCount "70"]
[EventDate "2010.08.21"]
[EventType "team-tourn"]
[EventRounds "11"]
[EventCountry "YUG"]
[SourceTitle "CBM 138 Extra"]
[Source "ChessBase"]
[SourceDate "2010.10.29"]
[SourceVersion "1"]
[SourceVersionDate "2010.10.29"]
[SourceQuality "1"]

1. d4 Nf6 2. Bg5 c6 3. Bxf6 exf6 4. e3 d5 5. c4 dxc4 6. Bxc4 Bd6 7. Qc2 f5 8. Nc3 0-0 9. Nf3 Nd7 10. Bd3 g6 11. h3 Nf6 12. 0-0-0 a5 13. Rdg1 a4 14. g4 f4 15. e4 a3 16. b3 Bb4 17. g5 Nh5 18. Ne2 c5 19. d5 Re8 20. Rd1 Bd7 21. Kb1 Qa5 22. e5 c4 23. Bxc4 Bf5 24. Bd3 Rac8 25. Bxf5 Rxc2 26. Bxc2 Bf8 27. Rd3 Bg7 28. Ne1 Rxe5 29. Nc3 Rxg5 30. h4 Re5 31. Bd1 Nf6 32. Bf3 Ne8 33. Ne4 f5 34. Nd2 Nd6 35. Rg1 Qb6 0-1

[Event "SRB-chT 1st League"]
[Site "Vrnjacka Banja"]
[Date "2010.08.25"]
[Round "5"]
[White "Popovic, Milos T"]
[Black "Popovic, Dusan"]
[Result "1/2-1/2"]
[WhiteElo "2401"]
[BlackElo "2564"]
[PlyCount "63"]
[EventDate "2010.08.21"]
[EventType "team-tourn"]
[EventRounds "11"]
[EventCountry "YUG"]
[SourceTitle "CBM 138 Extra"]
[Source "ChessBase"]
[SourceDate "2010.10.29"]
[SourceVersion "1"]
[SourceVersionDate "2010.10.29"]
[SourceQuality "1"]

1. d4 d6 2. Nf3 Nf6 3. g3 g6 4. Bg2 Bg7 5. 0-0 0-0 6. c4 c6 7. Nc3 Qa5 8. Qd2 Nbd7 9. b3 e5 10. dxe5 dxe5 11. Bb2 Re8 12. a3 h6 13. Rad1 Qb6 14. Qc2 Nf8 15. Na4 Qc7 16. e3 Bf5 17. Qc1 g5 18. c5 Ng6 19. Nd2 Bg4 20. Rde1 Re7 21. Nc4 Rd8 22. Bc3 Qc8 23. Ba5 Rf8 24. f3 Be6 25. e4 Ne8 26. Rd1 Nc7 27. Nd6 Qb8 28. Qc2 Rd7 29. Rf2 Na8 30. Rfd2 b6 31. Bb4 Rfd8 32. Nf5 1/2-1/2

[Event "SRB-chT 1st League"]
[Site "Vrnjacka Banja"]
[Date "2010.08.22"]
[Round "2"]
[White "Popovic, Milos T"]
[Black "Pap, Misa"]
[Result "0-1"]
[WhiteElo "2401"]
[BlackElo "2509"]
[PlyCount "114"]
[EventDate "2010.08.21"]
[EventType "team-tourn"]
[EventRounds "11"]
[EventCountry "YUG"]
[SourceTitle "CBM 138 Extra"]
[Source "ChessBase"]
[SourceDate "2010.10.29"]
[SourceVersion "1"]
[SourceVersionDate "2010.10.29"]
[SourceQuality "1"]

1. d4 Nf6 2. Nf3 e6 3. e3 c5 4. Bd3 b6 5. 0-0 Bb7 6. b3 Be7 7. Bb2 0-0 8. c4 d6 9. Nc3 a6 10. d5 exd5 11. cxd5 b5 12. e4 Nbd7 13. a4 b4 14. Ne2 Ng4 15. h3 Bf6 16. Bxf6 Ngxf6 17. Ng3 Re8 18. Qc2 Nf8 19. Nd2 h5 20. Nc4 Bc8 21. a5 h4 22. Nb6 Ra7 23. Nxc8 Qxc8 24. Nf5 Qd8 25. f4 Ng6 26. Rae1 Nh5 27. Qb2 Ne7 28. Nxh4 Ng3 29. Rf3 Nef5 30. Nxf5 Nxf5 31. e5 Nd4 32. Rfe3 Qxa5 33. exd6 Rxe3 34. Rxe3 Kf8 35. Kh2 Qb6 36. Qf2 Qxd6 37. Re5 g6 38. Qe3 Qf6 39. Re8+ Kg7 40. Qe5 Qxe5 41. fxe5 Nxb3 42. d6 Nd4 43. Rc8 Ne6 44. Bc4 Kh6 45. h4 g5 46. Bxe6 fxe6 47. Re8 b3 48. Rxe6+ Kg7 49. Rf6 c4 50. h5 b2 51. h6+ Kh7 52. Rf1 c3 53. e6 c2 54. e7 Ra8 55. d7 b1Q 56. d8Q Qxf1 57. Qxa8 Qf4+ 0-1

[Event "SRB-chT 1st League"]
[Site "Vrnjacka Banja"]
[Date "2010.08.21"]
[Round "1"]
[White "Savic, Miodrag R"]
[Black "Popovic, Milos T"]
[Result "1/2-1/2"]
[WhiteElo "2477"]
[BlackElo "2401"]
[PlyCount "85"]
[EventDate "2010.08.21"]
[EventType "team-tourn"]
[EventRounds "11"]
[EventCountry "YUG"]
[SourceTitle "CBM 138 Extra"]
[Source "ChessBase"]
[SourceDate "2010.10.29"]
[SourceVersion "1"]
[SourceVersionDate "2010.10.29"]
[SourceQuality "1"]

1. e4 e5 2. Nf3 d6 3. d4 Nd7 4. Bc4 c6 5. c3 b5 6. Bb3 Be7 7. 0-0 Ngf6 8. Re1 0-0 9. Nbd2 a6 10. Nf1 c5 11. Ng3 c4 12. Bc2 Re8 13. a4 Bb7 14. b4 Bf8 15. d5 Nb6 16. Be3 Ng4 17. Bg5 Be7 18. Bd2 Qd7 19. Nf5 Bd8 20. a5 Nc8 21. Ng5 Nf6 22. Re3 Ne7 23. Nxe7+ Bxe7 24. Rg3 g6 25. Qf3 h6 26. Nh3 Kh7 27. Rf1 Bc8 28. Qe3 Bf8 29. f4 exf4 30. Qxf4 Bg7 31. Rgf3 Re7 32. Qh4 Qg4 33. Qxg4 Nxg4 34. Rxf7 Rxf7 35. Rxf7 Ne5 36. Rf4 Bxh3 37. gxh3 Rf8 38. Rxf8 Bxf8 39. Kf2 Kg7 40. Bd1 h5 41. Bg5 Kf7 42. Be2 Bg7 43. Bf4 1/2-1/2

[Event "Belgrade op"]
[Site "Belgrade"]
[Date "2009.11.29"]
[Round "6"]
[White "Popovic, Milos T"]
[Black "Djurasinov, Branislav"]
[Result "1-0"]
[WhiteElo "2423"]
[BlackElo "2216"]
[PlyCount "91"]
[EventDate "2009.11.24"]
[EventType "swiss"]
[EventRounds "9"]
[EventCountry "YUG"]
[SourceTitle "CBM 133 Extra"]
[Source "ChessBase"]
[SourceDate "2010.01.05"]
[SourceVersion "1"]
[SourceVersionDate "2010.01.05"]
[SourceQuality "1"]

1. d4 b6 2. e4 Bb7 3. Bd3 e6 4. Nf3 Be7 5. 0-0 d6 6. Re1 a6 7. Nbd2 c5 8. c3 Nd7 9. Nf1 h5 10. d5 e5 11. a4 g6 12. Ne3 Kf8 13. b4 Ngf6 14. Nc4 Qc7 15. Ng5 Nh7 16. h4 Nxg5 17. hxg5 Kg7 18. f4 exf4 19. Bxf4 Ne5 20. Rc1 Rad8 21. Nxe5 dxe5 22. Be3 c4 23. Bf1 h4 24. Qe2 b5 25. Ra1 Rh5 26. Qd2 Bc6 27. axb5 Bxb5 28. Be2 Rh7 29. Bg4 Rd6 30. Bc5 Qd8 31. Be3 Kg8 32. Rf1 Be8 33. Rf3 Bb5 34. Raf1 Bd7 35. Bxd7 Qxd7 36. Qf2 Qe8 37. Bc5 Rd7 38. Bxe7 Qxe7 39. Qe3 Rd6 40. Rf6 Rxf6 41. Rxf6 Qd7 42. Qb6 Kg7 43. Qb8 Rh8 44. Qxe5 Qa7+ 45. Kh2 Kh7 46. Rc6 1-0

[Event "Vojvodina-chT"]
[Site "Sombor"]
[Date "2009.09.28"]
[Round "3"]
[White "Vlatkovic, Milos"]
[Black "Popovic, Milos T"]
[Result "1/2-1/2"]
[WhiteElo "2302"]
[BlackElo "2401"]
[PlyCount "47"]
[EventDate "2009.09.27"]
[EventType "team-swiss"]
[EventRounds "11"]
[EventCountry "YUG"]
[SourceTitle "EXT 2012"]
[Source "ChessBase"]
[SourceDate "2011.11.24"]
[SourceVersion "1"]
[SourceVersionDate "2011.11.24"]
[SourceQuality "1"]

1. d4 Nf6 2. c4 e6 3. Nc3 Bb4 4. Qc2 c5 5. dxc5 Bxc5 6. Nf3 Qb6 7. e3 Qc7 8. a3 a6 9. Bd3 b6 10. b4 Be7 11. Bb2 Bb7 12. Rc1 d6 13. 0-0 Nbd7 14. Ne4 Nxe4 15. Bxe4 Bxe4 16. Qxe4 0-0 17. Rfd1 Bf6 18. Bxf6 Nxf6 19. Qf4 Rfd8 20. e4 Rac8 21. h3 h6 22. Qe3 Nd7 23. Qf4 Nf6 24. Qe3 1/2-1/2

[Event "Senta op-A 13th"]
[Site "Senta"]
[Date "2009.07.24"]
[Round "8"]
[White "Popovic, Milos T"]
[Black "Sarenac, David"]
[Result "1-0"]
[WhiteElo "2423"]
[BlackElo "2227"]
[PlyCount "41"]
[EventDate "2009.07.18"]
[EventType "swiss"]
[EventRounds "9"]
[EventCountry "YUG"]
[SourceTitle "CBM 131 Extra"]
[Source "ChessBase"]
[SourceDate "2009.09.03"]
[SourceVersion "2"]
[SourceVersionDate "2009.09.16"]
[SourceQuality "1"]

1. d4 Nf6 2. Bg5 d5 3. Bxf6 exf6 4. e3 Bd6 5. c4 dxc4 6. Bxc4 0-0 7. Nc3 c6 8. Qc2 Nd7 9. Bd3 g6 10. Nf3 f5 11. h3 Nf6 12. 0-0-0 Qe7 13. Rdg1 b5 14. g4 fxg4 15. hxg4 b4 16. g5 Ne8 17. Ne4 Kg7 18. Ne5 Bxe5 19. dxe5 Qxe5 20. f4 Qe7 21. Rxh7+ 1-0

[Event "Senta op-A 13th"]
[Site "Senta"]
[Date "2009.07.21"]
[Round "5"]
[White "Mirkovic, Stevan"]
[Black "Popovic, Milos T"]
[Result "0-1"]
[WhiteElo "2242"]
[BlackElo "2423"]
[PlyCount "94"]
[EventDate "2009.07.18"]
[EventType "swiss"]
[EventRounds "9"]
[EventCountry "YUG"]
[SourceTitle "CBM 131 Extra"]
[Source "ChessBase"]
[SourceDate "2009.09.03"]
[SourceVersion "2"]
[SourceVersionDate "2009.09.16"]
[SourceQuality "1"]

1. Nf3 Nf6 2. c4 c5 3. d4 cxd4 4. Nxd4 g6 5. Nc3 Bg7 6. e4 d6 7. Be2 Nc6 8. Be3 0-0 9. 0-0 Bd7 10. Qd2 Nxd4 11. Bxd4 Bc6 12. f3 a5 13. b3 Nd7 14. Be3 Nc5 15. Rab1 Qb6 16. Rfc1 Rfc8 17. Bd1 Qb4 18. Nd5 Bxd5 19. cxd5 Nd3 20. a3 Qxd2 21. Rxc8+ Rxc8 22. Bxd2 Bb2 23. Bxa5 Bxa3 24. Kf1 Bb4 25. Bb6 Bc5 26. Ba5 Ra8 27. b4 Bd4 28. Bc2 Ne5 29. Rd1 Ba7 30. b5 Bc5 31. Bc3 Nc4 32. Ke2 Ne3 33. Kd3 Nxd1 34. Bxd1 Ra3 35. Kd2 Be3+ 36. Kc2 Ra2+ 37. Kd3 Bg1 38. Bc2 Bxh2 39. Bd4 Ra3+ 40. Ke2 Be5 41. Be3 Bc3 42. b6 Bb4 43. Bc1 Ra6 44. Be3 Bc5 45. Bd2 Bxb6 46. Kd3 Bc5 47. Kc4 Ra3 0-1

[Event "Senta op-A 13th"]
[Site "Senta"]
[Date "2009.07.19"]
[Round "2"]
[White "Popovic, Milos T"]
[Black "Bojovic, Dusan"]
[Result "1/2-1/2"]
[WhiteElo "2423"]
[BlackElo "2286"]
[PlyCount "48"]
[EventDate "2009.07.18"]
[EventType "swiss"]
[EventRounds "9"]
[EventCountry "YUG"]
[SourceTitle "CBM 131 Extra"]
[Source "ChessBase"]
[SourceDate "2009.09.03"]
[SourceVersion "2"]
[SourceVersionDate "2009.09.16"]
[SourceQuality "1"]

1. d4 Nf6 2. Bg5 c5 3. d5 Ne4 4. Bf4 Qb6 5. Nd2 Qxb2 6. Nxe4 Qb4+ 7. c3 Qxe4 8. e3 d6 9. Nf3 Qf5 10. a4 g6 11. Bd3 Qf6 12. Qb3 Nd7 13. Nd2 Bg7 14. Ne4 Qh4 15. 0-0 0-0 16. Bg5 Qh5 17. Qc2 Nf6 18. Be2 Bg4 19. Bxf6 Bxf6 20. f3 Bd7 21. Nxf6+ exf6 22. e4 Qe5 23. f4 Qe7 24. Bd3 b6 1/2-1/2

[Event "Senta op-A 13th"]
[Site "Senta"]
[Date "2009.07.18"]
[Round "1"]
[White "Scepanovic, Labud"]
[Black "Popovic, Milos T"]
[Result "0-1"]
[WhiteElo "2228"]
[BlackElo "2423"]
[PlyCount "102"]
[EventDate "2009.07.18"]
[EventType "swiss"]
[EventRounds "9"]
[EventCountry "YUG"]
[SourceTitle "CBM 131 Extra"]
[Source "ChessBase"]
[SourceDate "2009.09.03"]
[SourceVersion "2"]
[SourceVersionDate "2009.09.16"]
[SourceQuality "1"]

1. d4 Nf6 2. Nf3 e6 3. Bg5 Be7 4. Nbd2 d5 5. e3 b6 6. c3 0-0 7. Bd3 Bb7 8. Ne5 Ne4 9. Bxe7 Qxe7 10. Qc2 f6 11. Nef3 f5 12. Ne5 Nc6 13. Nxc6 Bxc6 14. 0-0 Nxd2 15. Qxd2 e5 16. dxe5 Qxe5 17. Rfe1 Bb7 18. Be2 c5 19. Rad1 Rad8 20. Bf3 Rd6 21. h3 Rfd8 22. Qc2 Kh8 23. c4 g6 24. cxd5 Bxd5 25. Bxd5 Rxd5 26. Rxd5 Qxd5 27. Qc3+ Kg8 28. Qf6 Rf8 29. Qe7 Qxa2 30. Rd1 Qf7 31. Qg5 Qf6 32. Qf4 Rd8 33. Qc4+ Kf8 34. Ra1 Rd7 35. Qf4 Kg7 36. Qa4 Qd6 37. g3 a5 38. h4 h5 39. Qc4 Qc6 40. Kh2 Kh7 41. Rd1 Rg7 42. Rd8 Qf6 43. Qd5 Qxb2 44. Qe6 Qxf2+ 45. Kh3 Qb2 46. Qe8 Ra7 47. Rd6 Qg7 48. Rxb6 a4 49. Qe6 Re7 50. Qc4 Rxe3 51. Qxa4 Qc7 0-1

[Event "SRB-chT Cup"]
[Site "Sombor"]
[Date "2009.05.21"]
[Round "4"]
[White "Sedlak, Nikola"]
[Black "Popovic, Milos T"]
[Result "1/2-1/2"]
[WhiteElo "2572"]
[BlackElo "2396"]
[PlyCount "58"]
[EventDate "2009.05.19"]
[EventType "team"]
[EventRounds "7"]
[EventCountry "YUG"]
[SourceTitle "CBM 130 Extra"]
[Source "ChessBase"]
[SourceDate "2009.07.02"]
[SourceVersion "2"]
[SourceVersionDate "2009.07.15"]
[SourceQuality "1"]

1. d4 d5 2. c4 Bf5 3. Nc3 e6 4. Bf4 c6 5. Qb3 Qb6 6. c5 Qxb3 7. axb3 Nd7 8. Nf3 a6 9. b4 Rc8 10. e3 Be7 11. Nd2 Bd8 12. Nb3 Bc7 13. Bxc7 Rxc7 14. Bxa6 bxa6 15. Rxa6 Ne7 16. b5 Bd3 17. Ra8+ Rc8 18. Rxc8+ Nxc8 19. bxc6 Nb8 20. Kd2 Ba6 21. c7 Nc6 22. Ra1 Bb7 23. Na5 Nxa5 24. Rxa5 Kd7 25. b4 Kxc7 26. b5 Ne7 27. Kc2 Ra8 28. Rxa8 Bxa8 29. Kb3 f6 1/2-1/2

[Event "SRB-chT Cup"]
[Site "Sombor"]
[Date "2009.05.20"]
[Round "2"]
[White "Mrsevic, Miroslav"]
[Black "Popovic, Milos T"]
[Result "0-1"]
[WhiteElo "2315"]
[BlackElo "2396"]
[PlyCount "67"]
[EventDate "2009.05.19"]
[EventType "team"]
[EventRounds "7"]
[EventCountry "YUG"]
[SourceTitle "CBM 130 Extra"]
[Source "ChessBase"]
[SourceDate "2009.07.02"]
[SourceVersion "2"]
[SourceVersionDate "2009.07.15"]
[SourceQuality "1"]

1. f4 d5 2. Nf3 g6 3. g3 Bg7 4. Bg2 c6 5. 0-0 Nh6 6. e3 Nf5 7. d4 Nd7 8. Ne5 Nf6 9. b3 0-0 10. c4 dxc4 11. bxc4 c5 12. g4 Nh4 13. Bh1 cxd4 14. exd4 Nxg4 15. Nc3 Nf5 16. Nd5 Nf6 17. Rb1 Nxd5 18. cxd5 Nd6 19. Qa4 Bf5 20. Rb2 a6 21. Bd2 f6 22. Ba5 Qe8 23. Nc6 bxc6 24. dxc6 Be4 25. Re1 f5 26. Rb6 Kh8 27. Bc3 Nb5 28. Ba1 Qd8 29. Rb7 Bxd4+ 30. Bxd4+ Qxd4+ 31. Qxd4+ Nxd4 32. Rxe7 Nxc6 33. Bxe4 fxe4 34. R7xe4 0-1